Answers Contain "Eyes" 👀 - Statistics

General Stats
  • This quiz has been taken 158 times
    13 since last reset
  • The average score is 8 of 19
Answer Stats
Hint Answer % Correct
1981 hit by Kim Carnes Bette Davis Eyes
85%
Someone who wears glasses four-eyes
77%
Nickname for Frank Sinatra Old Blue Eyes
77%
1987 Eric Carmen song from Dirty Dancing Hungry Eyes
62%
1971 song by The Who, later covered by Limp Bizkit Behind Blue Eyes
54%
1999: Final movie by Stanley Kubrick Eyes Wide Shut
54%
1981 James Bond film with Roger Moore For Your Eyes Only
46%
1998 Nicolas Cage movie, a pair of one pip dice, or G.I. Joe character Snake Eyes
46%
1969 Crosby, Stills, and Nash multi-movement song Suite: {Judy} {Blue} Eyes
46%
1977 horror film written and directed by Wes Craven The Hills Have Eyes
46%
Conor Oberst's indie rock group, or lyric from "Total Eclipse of the Heart" Bright Eyes
38%
Intelligence alliance of Australia, Canada, New Zealand, the UK, the US Five Eyes
38%
1937 novel of the Harlem Renaissance by Zora Neale Hurston Their Eyes Were Watching God
38%
1967 hit by Frank Valli {Can't} {Take} {My} Eyes {Off} {You}
31%
1986 Peter Gabriel song, featured in Say Anything... in 1989 {In} {Your} Eyes
31%
1996 2Pac album All Eyez on Me
23%
1981 song and album by Hall & Oates Private Eyes
23%
English new wave duo of "Always Something There to Remind Me" {Naked} Eyes
15%
1997 Alejandro Amenábar film that Vanilla Sky was based on Open Your Eyes
15%
No matching quizzes found
Score Distribution
Percent of People with Each Score
Percentile by Number Answered
Your Score History
You have not taken this quiz since the last reset